00657cam a22001812 4500001001100000005001700011008004100028020001700069040001500086050001800101100003100119245011400150260003400264300001700298650007200315651005500387700003300442000000527420151217151959.0070611s xx 000 0 eng d a9966410090 : aKABUcKABU 0aTP248.2b.C531 aClark, Norman.@000015035610aBiotechnology for sustainable development :bpolicy for developing countries /cNorman Clark, Calestous Juma. aNairobi :bActs Press,c1991. aviii, 117 p. 0aBiotechnology.xEconomic aspectszDeveloping countries.@0000161270 0aDeveloping countriesxEconomic policy.@00001500571 aJuma, Calestous.@0000150310